000 00777nab a2200241u 4500
001 08926
003 HDC
007 c| |||a|c|aaaa
008 210131b20151022my ||||| |||| 00| 0 may d
040 _aHDC
100 _aAzmi Abdul Malek /
_eauthor
_99347
245 0 _aGigih keluarkan produk halal /
_cAzmi Abdul Malek
336 _atext
_2rdacontent
337 _acomputer
_2rdamedia
338 _aonline resource
_2rdacarrier
650 _aAl Faiz Industries Sdn Bhd
_99348
650 _ahalal products
_9642
710 _aBerita Harian
856 _zRequest full-text at [email protected]
942 _2lcc
942 _cNEWS
942 _kNWSC 001540
999 _c6249
_d6249